Men who have sex with men and partner notification in Ireland: beyond binary dualisms of gender and healthcare /
Este artículo se refiere a un estudio de diversos métodos diseñados para explorar las perspectivas legas entre hombres homosexuales en el área urbana de Dublín en relación con la notificación a sus parejas de que sufren de sífilis
Tallennettuna:
| Päätekijä: | |
|---|---|
| Muut tekijät: | |
| Aineistotyyppi: | Teksti |
| Aiheet: | |
| Tagit: |
Lisää tagi
Ei tageja, Lisää ensimmäinen tagi!
|
MARC
| LEADER | 00000 a a2200000 04500 | ||
|---|---|---|---|
| 001 | 4795 | ||
| 003 | |||
| 040 | |||
| 100 | |a Coleman, Claire | ||
| 245 | |a Men who have sex with men and partner notification in Ireland: |b beyond binary dualisms of gender and healthcare / |c Claire Coleman | ||
| 520 | |a Este artículo se refiere a un estudio de diversos métodos diseñados para explorar las perspectivas legas entre hombres homosexuales en el área urbana de Dublín en relación con la notificación a sus parejas de que sufren de sífilis | ||
| 650 | |a MASCULINIDAD | ||
| 650 | |a HOMBRES | ||
| 650 | |a SALUD | ||
| 650 | |a HOMOSEXUALIDAD | ||
| 650 | |a IRLANDA | ||
| 700 | |a Lohan, Maria | ||
| 773 | |g volumen 57, número 2; páginas 211-230 | ||
| 999 | |c 24886 |d 24886 | ||
